000 01756nam0a22003251 4500
001 v19\rc\1824984
005 20260406164513.0
035 _a(NLR Aleph) 005255028
090 _a5842873
_c5842873
100 _a20071224d1909 |||y0rusy50 ca
101 1 _arus
_ceng
102 _aRU
105 _aa z |||||
200 1 _aНовый путь для художественного воспитания юношества и детей
_eРуководство к одноврем. воспитанию руки, глаза и ума
_fСост. Либерти Тэдд, дир. Нар. худож.-пром. шк. в Филадельфии
_gПер. И.Г. Самсоновой и Л.А. Азаревич с изд. Герм. союза учителей для худож. воспитания
_g[Предисл.: И. Горбунов-Посадов]
205 _a2-е изд.
210 _aМосква
_cтипо-лит. т-ва И.Н. Кушнерев и К°
_d1909
215 _a175 с.
_cил.
_d22
225 1 _aСвободное воспитание и образование
_fПод ред. И. Горбунова-Посадова
_vВып. 7
700 1 _4220
_8rus
_7ca
_aТедд
_bД. Л.
_f1854-1919
_gДжеймс Либерти
_3RU\NLR\AUTH\7776660
_959588
702 1 _aСамсонова
_bИ. Г.
_4730
702 1 _aАзаревич
_bЛ. Д.
_4730
702 1 _4080
_8rus
_7ca
_aГорбунов-Посадов
_bИ. И.
_f1864-1940
_gИван Иванович
_3RU\NLR\AUTH\7710999
_9120757
801 0 _aRU
_bNLR
_c20071224
_gpsbo
801 0 _aRU
_bRuMoRGB
_c20071224
_2psbo
801 1 _aRU
_bProSoft-M
_c20071224
_2rusmarc
801 2 _aRU
_bNLR
_c20120619
_2rusmarc
852 _aNLR
_j37.2.8.31
852 _aNLR
_j130/2322
942 _cBOOK
980 _aNB